Emergency imaging

Saved in:
Bibliographic Details
Main Author: HEIR, Mandip K. VAIDHYANATH, Ram
Format: Book
Language:English
Published: JP Medicals 2013
Tags: Add Tag
No Tags, Be the first to tag this record!

MARC

LEADER 00000nam a22000007a 4500
008 211223b ||||| |||| 00| 0 eng d
020 |a 9781907816567 
100 |a HEIR, Mandip K.  |a VAIDHYANATH, Ram  
245 |a Emergency imaging  |c Mandip K.Heir, Ram Vaidhyanath  |e pocket tutor series  |g xi,208p;ill 
260 |b JP Medicals  |c 2013  |h London  |i 697122  |i 697123  |l RC78.H36  |m Diagnosis, Radioscopic  |m Medical radiology  |m Medical emergencies  |m Diagnostic imaging 
500 |a it includes index 
942 |a lcc  |c BK  |e Johnson  |f 23/12/21 
952 |0 0  |1 0  |2 lcc  |4 0  |7 0  |9 4017  |a HE  |b HOL  |c QZ  |d 2021-12-23  |o RC78.H36  |p 2021-67741  |r 2021-12-23 00:00:00  |t 697122  |w 2021-12-23  |y BK 
952 |0 0  |1 0  |2 lcc  |4 0  |7 0  |9 4018  |a ML  |b HOL  |c QZ  |d 2021-12-23  |o RC78.H36  |p 2021-67742  |r 2021-12-23 00:00:00  |t 697123  |w 2021-12-23  |y BK 
999 |c 2019  |d 2019